000
00292nam a22001217a 4500
008
181020b xxu||||| |||| 00| 0 eng d
041
_a
eng
080
_a
341
100
_a
19
101
_a
SHP
245
_a
Politics and Religion in Central and Eastern Europe
_c
Swatos, W.H
942
_2
udc
_c
BK
999
_c
50324
_d
50324